| 000 | 00848nam a22002057a 4500 | ||
|---|---|---|---|
| 003 | BD-DhUL | ||
| 005 | 20170516190647.0 | ||
| 008 | 170516s2000 bg ||||| |||| 00| 0 ben c | ||
| 020 | _a98446189x | ||
| 040 |
_aBD-DhUL _cBD-DhUL |
||
| 082 |
_a891.44 _bDAR |
||
| 100 | 1 | _aদাশ, জীবনানন্দ | |
| 245 | 1 | 0 |
_aজীবনানন্দ রচনাবলী / _cজীবনানন্দ দাশ এবং দেবীপ্রসাদ বন্দ্যোপাধ্যায় |
| 260 |
_aঢাকা : _bগতিধারা, _c২০০০ |
||
| 300 |
_a৩য় খ. : _bচিত্র ; _c২১ সেমি |
||
| 650 | 0 | _aবাংলা সাহিত্য | |
| 650 | 0 | _aBangla Literature | |
| 700 | 1 | _aবন্দ্যোপাধ্যায়, দেবীপ্রসাদ | |
| 942 |
_2ddc _cBK |
||
| 999 |
_c198042 _d198042 |
||